Statistics for 3 Consonant Sandwich

Click here to take the quiz!

General Stats

  • This quiz has been taken 15 times
    (8 since last reset)
  • The average score is 8 of 15

Answer Stats

% Correct
ALCHEMIST
88%
ROADBLOCK
88%
UMBRELLAS
88%
LYMPHATIC
75%
ENCHILADA
75%
UNDRESSED
75%
ELECTRODE
63%
EIGHTIETH
50%
EMPLOYING
50%
LOINCLOTH
50%
RADICCHIO
38%
ACCLAIMED
38%
ROUGHNESS
25%
AMENDMENT
13%
MEANWHILE
0%

Score Distribution

Percentile by Number Answered

Percent of People with Each Score

Your Score History

You have not taken this quiz since the last reset